UKF 40-ročná
| Format: | Article |
|---|---|
| Language: | Slovak |
| PhysicalDescription: | Fotogr. |
| Subjects: |
MARC
| LEADER | 00000nab a2200000 a 4500 | ||
|---|---|---|---|
| 001 | vtls000709398 | ||
| 003 | SK-MaSNL | ||
| 005 | 20260304025203.0 | ||
| 008 | 140302c1999 xo 0 slo | ||
| 015 | |a SNBRB2000/01-01590 | ||
| 035 | |a CLN000061565 | ||
| 040 | |a SNKBUCL |b slo |c SNKBUCL |e AACR2 | ||
| 041 | 0 | |a slo | |
| 044 | |a xo |c SK | ||
| 080 | |a 378.4(437.6) |2 1997 | ||
| 245 | 0 | 0 | |a UKF 40-ročná |
| 300 | |b Fotogr. | ||
| 610 | 2 | 7 | |a Univerzita Konštantína Filozofa v Nitre |2 snkbucl |9 123721 |
| 655 | 7 | |a články z novín a časopisov |2 snkbucl |9 267496 | |
| 773 | 0 | |t Učiteľské noviny |g Roč. 49, č. 42 (1999), s. 9 | |
| 850 | |a Slovenská národná knižnica v Martine | ||
| 852 | |a SNK |b KIS3GCP | ||
| 957 | |a 403 | ||
| 958 | |a SK | ||
| 992 | |a RBX | ||
| 999 | |c 2625849 |d 2627779 | ||


